000 00894nam a22002657a 4500
005 20141030172840.0
010 _aENG-109940
020 _a9788188661640
_c695.00
035 _aEN-93473
035 _aB-535545-547
037 _bDBAD/PUB
037 _bUBH/Ven
_adpl
082 _a954.3
245 _aSouth India heritage :
_cedited by Prema Kasturi [and] G. Sundaram
_ban introduction /
250 _a2nd ed
260 _aChennai
_bEast West
_c2012
260 _aChennai
_bEast West
_c2011 (bppd)
270 _aVenkat Towers, 165, P.H. Maduravoyal
_bChennai
_e600095
300 _axxiv,620p. :
_c24cm(pbk)
_bill.,maps
500 _aIncludes bibliographical references and index
700 _aKasturi, Prema
700 _aSundaram, G.
942 _2ddc
_cEN
_mSOU
_h954.3
999 _c84067
_d84067